| 000 | 00600nam a2200181Ia 4500 | ||
|---|---|---|---|
| 008 | 090124s9999 xx 000 0 und d | ||
| 082 | _b118215 | ||
| 100 | _aपाध्ये भाऊ ( प्रभाकर नारायण ) | ||
| 245 | _a पिचकारी | ||
| 250 | _a1 | ||
| 260 | _c1979 | ||
| 300 | _a160 | ||
| 600 | _aपाध्ये भाऊ ( प्रभाकर नारायण ) | ||
| 630 | _a पिचकारी | ||
| 700 | _aपाध्ये भाऊ ( प्रभाकर नारायण ) | ||
| 730 | _a पिचकारी | ||
| 942 | _cBOOK | ||
| 999 |
_c164302 _d164302 |
||